Intelligent document retrieval: exploiting markup structure (Record no. 6741)
[ view plain ]
| 000 -LEADER | |
|---|---|
| fixed length control field | 00934 a2200241 4500 |
| 020 ## - INTERNATIONAL STANDARD BOOK NUMBER | |
| International Standard Book Number | 1402037678 |
| 020 ## - INTERNATIONAL STANDARD BOOK NUMBER | |
| International Standard Book Number | 1402037686 |
| 035 ## - SYSTEM CONTROL NUMBER | |
| System control number | (OCoLC)ocm65166122 |
| 040 ## - CATALOGING SOURCE | |
| Original cataloging agency | DLC |
| Language of cataloging | DLC |
| 082 00 - DEWEY DECIMAL CLASSIFICATION NUMBER | |
| Classification number | 025.04 |
| 100 1# - MAIN ENTRY--PERSONAL NAME | |
| Personal name | Kruschwitz, Udo. |
| 245 10 - TITLE STATEMENT | |
| Title | Intelligent document retrieval: exploiting markup structure |
| Remainder of title | exploiting markup structure |
| Statement of responsibility, etc. | Udo Kruschwitz |
| 260 ## - PUBLICATION, DISTRIBUTION, ETC. | |
| Place of publication, distribution, etc. | Dordrecht, Netherlands : |
| Name of publisher, distributor, etc. | Springer, |
| Date of publication, distribution, etc. | c2005. |
| 300 ## - PHYSICAL DESCRIPTION | |
| Extent | xvi, 197 p. : |
| Other physical details | ill. ; |
| Dimensions | 25 cm. |
| 440 #0 - SERIES STATEMENT/ADDED ENTRY--TITLE | |
| Title | Springer international series on information retrieval ; |
| Volume/sequential designation | 17 |
| 650 #0 - SUBJECT ADDED ENTRY--TOPICAL TERM | |
| Topical term or geographic name entry element | Internet searching. |
| 650 #0 - SUBJECT ADDED ENTRY--TOPICAL TERM | |
| Topical term or geographic name entry element | Text processing (Computer science) |
| 650 #0 - SUBJECT ADDED ENTRY--TOPICAL TERM | |
| Topical term or geographic name entry element | Document markup languages. |
| 650 #0 - SUBJECT ADDED ENTRY--TOPICAL TERM | |
| Topical term or geographic name entry element | Computational linguistics. |
| 856 41 - ELECTRONIC LOCATION AND ACCESS | |
| Materials specified | Table of contents only |
| Uniform Resource Identifier | <a href="http://www.loc.gov/catdir/toc/fy0610/2006295962.html">http://www.loc.gov/catdir/toc/fy0610/2006295962.html</a> |
| 856 41 - ELECTRONIC LOCATION AND ACCESS | |
| Materials specified | Publisher description |
| Uniform Resource Identifier | <a href="http://www.loc.gov/catdir/enhancements/fy0663/2006295962-d.html">http://www.loc.gov/catdir/enhancements/fy0663/2006295962-d.html</a> |
| 942 ## - ADDED ENTRY ELEMENTS (KOHA) | |
| Koha item type | Book |
| Call number prefix | 025.04 KRU |
| Source of classification or shelving scheme | |
| Withdrawn status | Lost status | Damaged status | Not for loan | Collection code | Permanent Location | Current Location | Shelving location | Date acquired | Source of acquisition | Cost, normal purchase price | Total Checkouts | Total Renewals | Full call number | Barcode | Date last seen | Date last checked out | Price effective from | Koha item type |
|---|---|---|---|---|---|---|---|---|---|---|---|---|---|---|---|---|---|---|
| Central Library (CL) | Central Library (CL) | First Floor - Journalism | 05/07/2007 | A & J Def Tek Concultants | 5805.48 | 1 | 1 | 025.04 KRU | SEECS008466 | 09/09/2014 | 01/20/2014 | 01/05/2017 | Book |
